00319nam a2200121Ia 4500008004100000020001400041050001500055100002000070245003500090260003500125300002400160650001300184150202s9999 xx 000 0 und d a441344651 aFIC bFIC  aPiers, Anthony. aOut of phaze /cAnthony Piers. aNew York :bAce Books ,c1987. a309 pages :c18 cm. aFiction.